000 00623nam a2200157 a 4500
005 20140412111348.0
008 050422s19uu xx 00 eng d
020 _a0-525-44625-7
050 _aTR(PS E
_bIl1 1991
100 _aGaylord, Laurel Porter
245 _aI love my mommy because /
_cLaurel Porter-Gaylord ; pictures by Ashley Wolff.
260 _aNew York :
_bDutton Children's Books.
520 _aFamiliar phrases from preschooler's world give a child's-eye view of being an animal baby. Many different animal mothers are show caring for their young.
650 _aMother and child
_xFiction
999 _c105241
_d105241